LEADER 01967nam a2200337 a 4500 001 000000044655 003 CaOOAMICUS 005 20130930103559.0 008 990504s1907 gw u000 u ger u 035 $a10822097 040 $aPUL(R)$bita 130 0 $aTalmud.$lTedesco.$0(OLS)http://pul/title/60189 245 14$aDie Rechtswissenschaftliche Sektion des Babylonischen Talmuds /$cherausgegeben nach der erstenm zensurfreien Bombergschen Ausgabe .... von Lazarus Goldschmidt ; nebst einem Anhang Darstellung des Talmuds Rechtes von Josef Kohler. 246 33$aDarstellung des Talmudischen Rechtes 260 $aBerlin :$bRosenthal Bücherei,$c1907. 300 $a2 v. in 4 ;$c28 cm 500 $aFrontespizio all'ultima pagina. 504 $aBibliografia a pič pagina. 505 0 $av. 1: Das bürgerliche Recht -- v. 2: Das peinliche Recht. 630 04$aTalmud.$0(OLS)http://pul/subject/16993 700 1 $aKohler, Josef,$d1849-1919.$0(OLS)http://pul/name/7266 700 1 $aGoldschmidt, Lazarus,$d1871-1950.$0(OLS)http://pul/name/32581 850 $aPUL 852 $aPUL$W1$xDP2 Diritto e Scienze Sociali 1$y65$m210 C 1$j60063$nBK-PRI$av. I, p. 1$qStampati$B60063$CPULBib$Z2$F60063 $82 852 $aPUL$W1$xDP2 Diritto e Scienze Sociali 1$y65$m210 C 2$j60065$nBK-PRI$av. II, p. 2$qStampati$B60065$CPULBib$Z2$F60065 $82 852 $aPUL$W1$xDP2 Diritto e Scienze Sociali 1$y65$m210 C 3$j153522$nBK-PRI$aV. II, p.1 (fino a pag. 610)$qStampati$B153090$CPULBib$Z2$F153090 $82 852 $aPUL$W1$xDP2 Diritto e Scienze Sociali 1$y65$m210 C 4$j153523$nBK-PRI$aV. II, p.2 (da pag. 613 a 1252)$qStampati$B153091$CPULBib$Z2$F153091 $82 941 1 $a8 996 $6245$aDie Rechtswissenschaftliche Sektion des Babylonischen Talmuds$9(OLS)http://pul/title/60190 996 $6246$aDarstellung des Talmudischen Rechtes$9(OLS)http://pul/title/60191 996 $6260$aBerlin :$bRosenthal Bücherei$9(OLS)http://pul/publisher/65832 LEADER 01435nam a2200265 a 4500 001 000000161986 003 CaOOAMICUS 005 20170717111947.0 008 170717s1985 it m 001 u eng r 032 $aLibriCat 040 $aPUL$bita 100 1 $aKroeger, James H.$0(OLS)http://pul/name/103841 245 10$aHuman promotion as an integral dimension of the Church's mission of evangelization :$ba Philippine experience and perspective since Vatican II - 1965-1984 /$cauctore James H. Kroeger, M.M. 260 $aRoma :$bPontificia Universitā Gregoriana,$c1985. 300 $aiii, 482, 113 p. ;$c24 cm. 502 $aTesi -- Pontificia Universitas Gregoriana. Facultas missiologiae. 1985. 504 $aBibliografia in nota. 651 4$aFilippine (isole)$xStoria ecclesiastica.$0(OLS)http://pul/subject/23347 710 2 $aPontificia Universitā Gregoriana.$bFacoltā di missiologia.$kTesi.$0(OLS)http://pul/name/82191 850 $aPUL 852 $aPUL$W1$xDP1 Tesi Pon. Univ. Gregoriana$y40$mTH PUG 3273$j185968$qTesi$B189185$CPULBib$Z2$F189185 $H54950 $82 941 1 $a16 996 $6245$aHuman promotion as an integral dimension of the Church's mission of evangelization :$ba Philippine experience and perspective since Vatican II - 1965-1984$9(OLS)http://pul/title/201744 996 $6260$aRoma :$bPontificia Universitā Gregoriana$9(OLS)http://pul/publisher/47853